Sports Quiz

Random Sports Quiz
Score 0/17 Timer 05:00
0 Plays Today
Saison Meilleur buteur % Correct
Saison 2017-2018Thauvin
96%
Saison 2018-2019Thauvin
96%
Saison 2006-2007Niang
91.3%
Saison 2005-2006Niang
91.3%
Saison 2007-2008Niang
91.3%
Saison 2008-2009Niang
91.3%
Saison 2009-2010Niang
91.3%
Saison 2019-2020Payet
90.5%
Saison 2012-2013Gignac
83.2%
Saison Meilleur buteur % Correct
Saison 2013-2014Gignac
83.2%
Saison 2014-2015Gignac
83.2%
Saison 2003-2004Drogba
78%
Saison 2016-2017Gomis
55.4%
Saison 2015-2016Batshuayi
33.9%
Saison 2010-2011Rémy
32.7%
Saison 2011-2012Rémy
32.7%
Saison 2004-2005Luyindula
23.8%
Remove Ads.
Support Sporcle.
Get the best of Sporcle when you Go Orange. This ad-free experience offers more features, more stats, and more fun while also helping to support Sporcle. Thank you for becoming a member.

You're not logged in!

Compare scores with friends on all Sporcle quizzes.
OR
Log In

Show Comments

Extras

Created Nov 28, 2020ReportNominate
Tags:2004, les, Miller, Outer, saison

Top Quizzes Today


Score Distribution

Your Account Isn't Verified!

In order to create a playlist on Sporcle, you need to verify the email address you used during registration. Go to your Sporcle Settings to finish the process.

Report this User

Report this user for behavior that violates our Community Guidelines.

Details: